00950cam a22002534a 4500999001300000001000600013003000900019005001700028008004100045020001500086040003800101082002300139100002400162245012700186260004400313300002900357504005100386650001500437650002100452650004500473906004500518942001200563952012100575 c630d63012407BD-DhUAP20200126113620.0200126s2003 enk b 001 0 eng  a1403915512 aBD-DhUAPcBD-DhUAPdBD-DhUAPbEng00a306.097471 LAG2231 aLaguerre, Michel S.10aUrban multiculturalism and globalization in New York City :ban analysis of diasporic temporalities /cMichel S. Laguerre. aNew York :bPalgrave Macmillan,cc2003. axi, 207 pages ; c23 cm. aIncludes bibliographical references and index. 0aImmigrants 0aMulticulturalism 0aGlobalizationxSocial aspectszNew York. a7bcbccorignewd1eocipf20gy-gencatlg 2ddccBK 00102ddc4070aUAPCLbUAPCLcGeneral Stacksd2020-01-26o306.097471 LAGp3010012407r2020-01-26t1w2020-01-26yBK